KOHA-Header-6

Combinatorics Graph Theory, Algorithms And Applications (Record no. 10308)

000 -LEADER
fixed length control field 00293nam a2200109Ia 4500
100 ## - MAIN ENTRY--AUTHOR NAME
Personal name Alavi, Lick, Liu
245 #0 - TITLE STATEMENT
Title Combinatorics Graph Theory, Algorithms And Applications
260 ## - PUBLICATION, DISTRIBUTION, ETC. (IMPRINT)
Place of publication London
Name of publisher Addison
Year of publication 2000
300 ## - PHYSICAL DESCRIPTION
Number of Pages 294
942 ## - ADDED ENTRY ELEMENTS (KOHA)
Koha item type Books

No items available.

Powered by Koha